| 000 | 00928cam a2200241 4500 | ||
|---|---|---|---|
| 001 | 000001330 | ||
| 005 | 20200929145537.0 | ||
| 008 | 711112s1971 nyu 000 0 eng | ||
| 010 | _a78140002 | ||
| 020 | _a0910608105 (v. 1) | ||
| 040 |
_aDO-SdBNP _cDLC _dDLC |
||
| 050 | 0 | 0 |
_aZ696 _b.D519 1971 |
| 100 | 1 |
_aDewey, Melvil, _d1851-1931. _94476 |
|
| 245 | 1 | 0 | _aDewey decimal classification and relative index. |
| 250 | _aEd. 18. | ||
| 260 |
_aLake Placid Club, N.Y., : _bForest Press, _c1971. |
||
| 300 |
_a3 v. (viii, 2692 p.) ; _c26 cm. |
||
| 500 | _aFirst published anonymously in 1876 under title: A classification and subject index. 2d-14th editions published under title: Decimal classification and relativ index. | ||
| 505 | 0 | _av. 1. Introduction. Tables.--v. 2. Schedules.--v. 3. Relative index. | |
| 650 | 0 |
_aClassification, dewey decimal. _94477 |
|
| 910 | _aCatalogación por copia / LC | ||
| 082 | 0 | 0 |
_a025.4/31 _221 |
| 999 |
_c1261 _d1261 |
||